| 000 | 00640nam a2200241Ia 4500 | ||
|---|---|---|---|
| 005 | 20260430150702.0 | ||
| 008 | 008 250103s9999 xx 000 0 eng d | ||
| 037 | _aTheses | ||
| 040 | _aCRL | ||
| 040 | _beng | ||
| 040 | _ceng | ||
| 041 | _2eng | ||
| 041 | _aeng | ||
| 084 | _qCRL | ||
| 100 |
_aPanwar Hema Au.; Neeta Nath Gu. _91238212 |
||
| 245 | 2 | _aA Study of Various Facets and Striking Similarities of Buddhism and Utilitarianiam | |
| 260 | _c2024 | ||
| 300 | _a215p. | ||
| 650 | _aBuddhism | ||
| 700 | _aUniversity of Delhi. Faculty of Arts. Deptt. of Buddhist Studies | ||
| 942 | _cTH | ||
| 999 |
_c1850388 _d1850388 |
||